Estadísticas para Hermandades Filiales del Rocío

Haz click aquí para intentar la prueba.

Estadísticas generales

  • Esta prueba ha sido intentada 14 veces
  • La puntuación promedio es 59 de 128

Estadísticas de respuestas

Filial NºHermandad RocieraAño de FundaciónProvincia% Correcto
MATRIZHermandad Matriz de Almonte1720Huelva
100%
59Cádiz18 de Marzo de 1981Cádiz
92%
6Triana1813Sevilla
92%
69Almería13 de Marzo de 1986Almería
83%
36Barcelona1969Barcelona
83%
96Bruselas25 de Enero de 2000BELGICA
83%
51Córdoba5 de Abril de 1978Córdoba
83%
9Huelva1880Huelva
83%
33Madrid1961Madrid
83%
58Málaga1 de Noviembre de 1979Málaga
83%
2Pilas1650Sevilla
83%
5Sanlúcar de Barrameda1660Cádiz
83%
1Villamanrique de la Condesa1724Sevilla
83%
8Coria del Río1849Sevilla
75%
61Jaén15 de Julio de 1982Jaén
75%
3La Palma del Condado1789Huelva
75%
48Las Palmas de Gran Canaria24 de Mayo de 1977Las Palmas
75%
83Sevilla (Macarena)29 de Enero de 1991Sevilla
75%
7Umbrete1814Sevilla
75%
99Alicante2003Alicante
67%
53Ayamonte13 de Febrero de 1979Huelva
67%
43Écija3 de Abril de 1973Sevilla
67%
38Emigrantes27 de Abril de 1971Actualmente en Huelva
67%
55Granada13 de Febrero de 1979Granada
67%
19Hinojos1934Huelva
67%
16Jerez de la Frontera1932Cádiz
67%
14Trigueros1928Sevilla
67%
68Utrera1986Sevilla
67%
23Valverde del Camino1936Huelva
67%
64Algeciras14 de Diciembre de 1984Cádiz
58%
89Badajoz17 de Marzo de 1993Badajoz
58%
13Benacazón1915Sevilla
58%
118Cartaya18 de Enero de 2017Huelva
58%
77Ceuta1988Ceuta
58%
90Chucena11 de Marzo de 1994Huelva
58%
17Dos Hermanas1933Sevilla
58%
15Gines1928Sevilla
58%
45Isla Cristina21 de Febrero de 1974Huelva
58%
50La Línea de la Concepción1 de Febrero de 1978Cádiz
58%
27Lucena del Puerto1949Huelva
58%
4Moguer1724Huelva
58%
92Murcia11 de Marzo de 1994Murcia
58%
21Puebla del Río1935Huelva
58%
34Punta Umbría7 de Mayo de 1966Huelva
58%
123Sabadell22 de Enero de 2019Barcelona
58%
72Toledo19 de Mayo de 1986Toledo
58%
80Valencia29 de Enero de 1991Valencia
58%
63Alcalá de Guadaíra1 de Diciembre de 1983Sevilla
50%
22Bollullos del Condado1936Huelva
50%
47Camas20 de Mayo de 1977Sevilla
50%
82Carmona29 de Enero de 1991Sevilla
50%
12Carrión de los Céspedes1925Sevilla
50%
70Cerro del Águila1986Sevilla
50%
24Gibraleón1941Huelva
50%
126Montequinto16 de Noviembre de 2022Sevilla
50%
35Puerto Real1966Cádiz
50%
71Sevilla Sur10 de Mayo de 1986Sevilla
50%
94Tomares1995Sevilla
50%
57Cabra1 de Noviembre de 1979Córdoba
42%
110Chiclana de la Frontera17 de Enero de 2012Cádiz
42%
31El Puerto de Santa María1959Cádiz
42%
98Escacena del Campo2003Huelva
42%
30Huevar del Aljarafe1954Sevilla
42%
103Mairena del Aljarafe21 de Diciembre de 2004Sevilla
42%
85Málaga - La Caleta17 de Marzo de 1992Málaga
42%
84Niebla29 de Enero de 1991Huelva
42%
102Palma de Mallorca2004Baleares
42%
60Puente Genil18 de Marzo de 1981Córdoba
42%
11Rociana1818Huelva
42%
104San Fernando24 de Enero de 2006Cádiz
42%
10San Juan del Puerto1913Huelva
42%
26Sanlúcar la Mayor1941Sevilla
42%
29Sevilla (Salvador)1951Sevilla
42%
54Villalba del Alcor13 de Febrero de 1979Huelva
42%
44Villarrasa21 de Febrero de 1974Huelva
42%
31Aznalcázar1959Sevilla
33%
122Baeza22 de Enero de 2019Jaén
33%
28Bollullos de la Mitación1949Sevilla
33%
46Bormujos1974Sevilla
33%
112Castrense15 de Enero de 2013Sede en Sevilla
33%
67Gelves1986Sevilla
33%
101Guadix13 de Enero de 2004Granada
33%
49Lebrija24 de Mayo de 1977Sevilla
33%
125Linares2 de Diciembre de 2019Jaén
33%
81Mairena del Alcor29 de Enero de 1991Sevilla
33%
93Manzanilla1995Huelva
33%
106Morón de la Frontera8 de Enero de 2008Sevilla
33%
18Olivares1934Sevilla
33%
39Paterna del Campo24 de Mayo de 1971Huelva
33%
52Rota1978Cádiz
33%
116Salteras19 de Enero de 2015Sevilla
33%
75San Juan de Aznalfarache15 de Octubre de 1987Sevilla
33%
79Santiponce1990Sevilla
33%
127Torremolinos16 de Noviembre de 2022Málaga
33%
117Valencina de la Concepción13 de Enero de 2016Sevilla
33%
95Arcos de la Frontera19 de Febrero de 1999Cádiz
25%
20Bonares1935Huelva
25%
111Chipiona15 de Enero de 2013Cádiz
25%
121El Viso del Alcor16 de Enero de 2018Sevilla
25%
97Estepona2003Málaga
25%
56Isla Mayor17 de Mayo de 1979Sevilla
25%
91La Algaba11 de Marzo de 1994Sevilla
25%
119La Carolina18 de Enero de 2017Jaén
25%
74Las Cabezas de San Juan1987Sevilla
25%
42Los Palacios y Villafranca3 de Abril de 1973Sevilla
25%
65Marbella4 de Febrero de 1985Málaga
25%
78Osuna2 de Enero de 1990Sevilla
25%
37Palos de la Frontera17 de Febrero de 1971Huelva
25%
88Ronda17 de Marzo de 1993Málaga
25%
108San Antonio de Portmany (Ibiza)25 de Enero de 2011Baleares
25%
114Santa Fe13 de Enero de 2014Granada
25%
66Tocina3 de Abril de 1986Sevilla
25%
113Albaida del Aljarafe13 de Enero de 2014Sevilla
17%
62Castillo de Locubín22 de Marzo de 1983Jaén
17%
109Cornellá17 de Enero de 2012Barcelona
17%
25Espartinas1941Sevilla
17%
124Garrucha22 de Enero de 2019Almería
17%
105Palomares del Río24 de Enero de 2006Sevilla
17%
107Pozuelo de Alarcón24 de Enero de 2006Madrid
17%
86Priego de Córdoba17 de Marzo de 1992Córdoba
17%
120San Sebastián de los Reyes16 de Enero de 2018Madrid
17%
115Torrejón de Ardoz19 de Enero de 2015Madrid
17%
40Villanueva del Ariscal17 de Diciembre de 1971Sevilla
17%
100Alcalá de Henares13 de Enero de 2004Madrid
8%
87Alcalá la Real17 de Marzo de 1993Jaén
8%
73Almensilla1987Sevilla
8%
76Fuengirola15 de Octubre de 1987Málaga
8%
41Lucena de Córdoba27 de Abril de 1972Córdoba
8%

Distribución de puntuación

Porcentaje por número respondido

Porcentaje de gente con cada puntuación

Historial de tus puntuaciones

No has intentado esta prueba.